Prevencia v kontexte zdravotno-sociálnej problematiky /

Main Author: Gabrielová, Jana, 1985-
Other Authors: Velemínský, Miloš, ml., 1969-, Stejskalová, Jana, 1981-
Language: Slovak
Published: Praha : NLN, s.r.o., Nakladatelství Lidové noviny, 2015
Edition: Vydání první
Subjects:
Physical Description: 89 stran ; 21 cm
Language note: Anglické a slovenské resumé
Book
Saved in:
LEADER 02377nam a2200661 i 4500
001 nkc20152710180
003 CZ PrNK
005 20160104105328.0
007 ta
008 150701s2015 xr f 001 0 slo
015 |a cnb002710180 
020 |a 978-80-7422-443-0  |q (brožováno) 
035 |a (OCoLC)934899471 
040 |a ABA001  |b cze  |d OLA001  |e rda 
041 0 |a slo  |b eng  |b slo 
072 7 |a 364-1/-7  |x Druhy sociální pomoci a služeb  |2 Konspekt  |9 18 
080 |a 614.2  |2 MRF 
080 |a 364-78  |2 MRF 
080 |a 616.1/.9  |2 MRF 
080 |a 364.6  |2 MRF 
080 |a 614.4  |2 MRF 
080 |a 364-212  |2 MRF 
080 |a 316.4.063.34  |2 MRF 
080 |a (048.8:082)  |2 MRF 
100 1 |a Gabrielová, Jana,  |d 1985-  |7 jcu2015885201  |4 aut 
245 1 0 |a Prevencia v kontexte zdravotno-sociálnej problematiky /  |c Jana Gabrielová, Miloš Velemínský, Jana Stejskalová 
250 |a Vydání první 
264 1 |a Praha :  |b NLN, s.r.o., Nakladatelství Lidové noviny,  |c 2015 
300 |a 89 stran ;  |c 21 cm 
336 |a text  |b txt  |2 rdacontent 
337 |a bez média  |b n  |2 rdamedia 
338 |a svazek  |b nc  |2 rdacarrier 
504 |a Obsahuje bibliografii a rejstřík 
546 |a Anglické a slovenské resumé 
650 0 7 |a zdravotní péče  |7 ph127584  |2 czenas 
650 0 7 |a sociální práce  |7 ph125805  |2 czenas 
650 0 7 |a zdravotní problémy  |7 ph135127  |2 czenas 
650 0 7 |a sociální problémy  |7 ph125804  |2 czenas 
650 0 7 |a zdravotní prevence  |7 ph127581  |2 czenas 
650 0 7 |a prevence (sociální problémy)  |7 ph138923  |2 czenas 
650 0 7 |a spolupráce  |7 ph705694  |2 czenas 
650 0 9 |a health care  |2 eczenas 
650 0 9 |a social work  |2 eczenas 
650 0 9 |a health problems  |2 eczenas 
650 0 9 |a social problems  |2 eczenas 
650 0 9 |a health prevention  |2 eczenas 
650 0 9 |a prevention (social problems)  |2 eczenas 
650 0 9 |a cooperation  |2 eczenas 
655 7 |a kolektivní monografie  |7 fd501537  |2 czenas 
655 9 |a collective monographs  |2 eczenas 
700 1 |a Velemínský, Miloš,  |c ml.,  |d 1969-  |7 jx20050329006  |4 aut 
700 1 |a Stejskalová, Jana,  |d 1981-  |7 xx0143281  |4 aut 
910 2 |a BOA001  |b 2-1355.827 
928 9 |a Nakladatelství Lidové noviny 
990 |a BK 
995 |a 01 
991 |b 201511  |c NOV 
996 6 |b 2610650939  |c 2-1355.827  |l MZK  |r Sklad / do 1 hodiny  |n 1  |p p.v.  |w 001531867  |u 000010  |a 1  |e BOA001  |j MZK50  |s P